[Event "I Festival A"]
[Site "Letojanni ITA"]
[Date "2001.12.26"]
[Round "4"]
[White "Djuric, Stefan"]
[Black "Bonaccorsi, Fabrizio"]
[Result "1-0"]
[WhiteElo "2512"]
[BlackElo "2163"]
[PlyCount "71"]
[EventDate "2001.12.22"]

1. e4 c5 2. Nf3 Nc6 3. Bb5 g6 4. O-O Bg7 5. c3 e5 6. Re1 Nge7 7. a3 O-O 8. b4
d5 9. d3 cxb4 10. axb4 dxe4 11. dxe4 Qxd1 12. Rxd1 Bg4 13. Be2 a6 14. h3 Be6
15. Be3 Rfd8 16. Rxd8+ Rxd8 17. Ng5 Bc8 18. Bc4 Rd1+ 19. Kh2 Nd8 20. Bb3 Rd3
21. Bc2 Rd7 22. Na3 h6 23. Nf3 b5 24. c4 bxc4 25. Nxc4 Bb7 26. Ncxe5 Rc7 27.
Rd1 Ndc6 28. Nd3 Bc3 29. Bxh6 Nxb4 30. Nxb4 Bxb4 31. Ng5 Nc6 32. Bb3 Bf8 33.
Bxf8 Kxf8 34. Bxf7 Re7 35. f4 Kg7 36. Rd6 1-0

[Event "I Festival A"]
[Site "Letojanni ITA"]
[Date "2001.12.26"]
[Round "4"]
[White "Hocevar, Nikola"]
[Black "Bottino, Alexiei"]
[Result "1/2-1/2"]
[WhiteElo "2169"]
[BlackElo "2101"]
[PlyCount "88"]
[EventDate "2001.12.22"]

1. c4 c5 2. Nf3 Nf6 3. d4 cxd4 4. Nxd4 e5 5. Nb5 d5 6. cxd5 Bc5 7. e3 O-O 8.
N5c3 e4 9. Nd2 Bf5 10. Nb3 Bb4 11. Bd2 Bxc3 12. Bxc3 Nxd5 13. Bd4 Nc6 14. Be2
Nxd4 15. Nxd4 Qa5+ 16. Qd2 Qxd2+ 17. Kxd2 Bg6 18. Rhc1 Rfd8 19. Ke1 Rac8 20. a3
Kf8 21. Bg4 Rxc1+ 22. Rxc1 h5 23. Be2 Ke7 24. h4 Rd7 25. Rc5 b6 26. Rc8 f6 27.
Rh8 Nf4 28. exf4 Rxd4 29. Bxh5 Bxh5 30. Rxh5 Ke6 31. Rb5 Rd3 32. Ke2 Kd6 33.
Rb4 Kd5 34. h5 f5 35. Rb5+ Ke6 36. a4 Rd7 37. g4 fxg4 38. Re5+ Kf6 39. Rxe4 Rd5
40. b4 Rxh5 41. Re8 Rd5 42. Ra8 Rd4 43. Rxa7 Rxb4 44. Ke3 g5 1/2-1/2

[Event "I Festival A"]
[Site "Letojanni ITA"]
[Date "2001.12.26"]
[Round "4"]
[White "Messina, Elia"]
[Black "Cappadona, Salvatore"]
[Result "0-1"]
[WhiteElo "1725"]
[BlackElo "1979"]
[PlyCount "112"]
[EventDate "2001.12.22"]

1. e4 d6 2. d4 Nf6 3. Nc3 g6 4. f3 Bg7 5. Be3 c6 6. Nge2 b5 7. a3 Nbd7 8. Qd2
Nb6 9. Ng3 Nc4 10. Bxc4 bxc4 11. h4 h5 12. Nge2 Rb8 13. Rb1 O-O 14. Bh6 Qc7 15.
Bxg7 Kxg7 16. Nd1 Bd7 17. Nf2 Rb7 18. c3 c5 19. d5 Rfb8 20. Rg1 Qc8 21. Ng3 Rb3
22. Nf1 Qb7 23. Nd1 Rxa3 24. Nfe3 Qa6 25. Qe2 Ra1 26. Rxa1 Qxa1 27. Nc2 Qc1 28.
Qd2 Qxd2+ 29. Kxd2 Ba4 30. Nce3 Bxd1 31. Nxd1 Nd7 32. Kc2 Nb6 33. Ne3 a5 34.
Ra1 a4 35. Nf1 Kf6 36. Nd2 g5 37. hxg5+ Kxg5 38. Kd1 Kf4 39. Ke2 Rg8 40. Kf2 e6
41. dxe6 fxe6 42. Rh1 Kg5 43. Rh3 Ra8 44. Rg3+ Kf6 45. f4 a3 46. bxa3 Rxa3 47.
Re3 d5 48. e5+ Kf5 49. g3 Ra2 50. Re2 d4 51. cxd4 cxd4 52. Nf3 Rxe2+ 53. Kxe2
d3+ 54. Ke3 Kg4 55. Kf2 c3 56. Nd4 c2 0-1

[Event "I Festival A"]
[Site "Letojanni ITA"]
[Date "2001.12.26"]
[Round "4"]
[White "Naumkin, Igor"]
[Black "Rigo, Janos"]
[Result "1/2-1/2"]
[WhiteElo "2414"]
[BlackElo "2338"]
[PlyCount "68"]
[EventDate "2001.12.22"]

1. d4 f5 2. g3 g6 3. Bg2 Bg7 4. Nf3 Nf6 5. c4 d6 6. Nc3 Nc6 7. d5 Ne5 8. Nd4
O-O 9. b3 Bd7 10. O-O c5 11. Nc2 a6 12. f4 Neg4 13. h3 Nh6 14. Rb1 b5 15. Qd3
Rb8 16. Bd2 b4 17. Nd1 Ne4 18. Nf2 Nxd2 19. Qxd2 a5 20. e4 fxe4 21. g4 a4 22.
Nxe4 axb3 23. axb3 Ra8 24. Qd3 Ra2 25. Rbe1 Nf7 26. Ng3 Re8 27. Re2 Rb2 28. Be4
e6 29. dxe6 Bxe6 30. Rf3 Bd7 31. Kg2 Qh4 32. Rfe3 Kf8 33. Ne1 Qf6 34. Rxb2
Qxb2+ 1/2-1/2

[Event "I Festival A"]
[Site "Letojanni ITA"]
[Date "2001.12.26"]
[Round "4"]
[White "Ortega, Lexy"]
[Black "Isonzo, David"]
[Result "0-1"]
[WhiteElo "2494"]
[BlackElo "2343"]
[PlyCount "106"]
[EventDate "2001.12.22"]

1. d4 Nf6 2. c4 e6 3. Nf3 d5 4. Nc3 Bb4 5. cxd5 exd5 6. Bg5 h6 7. Bh4 c5 8. e3
Nc6 9. Bb5 Qa5 10. O-O Bxc3 11. Bxc6+ bxc6 12. bxc3 g5 13. Bg3 Ne4 14. Ne5 h5
15. f3 Nxg3 16. hxg3 f6 17. Qc2 Rh6 18. Nd3 c4 19. Nc5 Qc7 20. e4 h4 21. gxh4
Rxh4 22. exd5 cxd5 23. Kf2 Rb8 24. Rae1+ Kf7 25. Rh1 Qf4 26. g3 Rxh1 27. Rxh1
Bf5 28. Rh7+ Kg6 29. gxf4 Bxc2 30. Rxa7 gxf4 31. Rb7 Ra8 32. Rb2 Bd1 33. Rd2
Ba4 34. Ke1 Bc6 35. Kd1 Re8 36. Re2 Rh8 37. a4 Kf5 38. a5 Rh3 39. a6 Rxf3 40.
Re6 Ba8 41. Re8 Bc6 42. Rc8 Re3 43. Rxc6 f3 44. Nd7 Rxc3 45. Rxf6+ Ke4 46. a7
Ra3 47. Ra6 Rxa6 48. Nc5+ Ke3 49. Nxa6 f2 50. a8=Q f1=Q+ 51. Kc2 Qe2+ 52. Kc1
Qe1+ 53. Kc2 Qf2+ 0-1

[Event "I Festival A"]
[Site "Letojanni ITA"]
[Date "2001.12.26"]
[Round "4"]
[White "Rabovszky, Gyorgy"]
[Black "Ragonese, Lucio Rosario"]
[Result "1-0"]
[WhiteElo "2070"]
[BlackElo "2073"]
[PlyCount "33"]
[EventDate "2001.12.22"]

1. e4 c6 2. d4 d5 3. f3 dxe4 4. fxe4 e5 5. Nf3 exd4 6. Bc4 b5 7. Bb3 Be6 8. O-O
Be7 9. Bxe6 fxe6 10. Nxd4 Qb6 11. Be3 Nf6 12. Nf5 Bc5 13. Nxg7+ Kf7 14. Qh5+
Kxg7 15. Qg5+ Kf7 16. Rxf6+ Ke8 17. Bxc5 1-0

[Event "I Festival A"]
[Site "Letojanni ITA"]
[Date "2001.12.26"]
[Round "4"]
[White "Scalcione, Michelangelo"]
[Black "Martorelli, Antonio"]
[Result "0-1"]
[WhiteElo "2292"]
[BlackElo "2278"]
[PlyCount "71"]
[EventDate "2001.12.22"]

1. Nf3 Nf6 2. c4 g6 3. Nc3 Bg7 4. e4 d6 5. d4 Na6 6. Be2 O-O 7. O-O e5 8. Be3
Qe8 9. dxe5 dxe5 10. Nd2 Nd7 11. Rb1 f5 12. f3 Qe7 13. Nd5 Qd8 14. b4 c6 15.
Nc3 Nc7 16. c5 Nf6 17. Nc4 Be6 18. exf5 Bxf5 19. Rb3 Qxd1 20. Nxd1 Ncd5 21. Rb2
Nf4 22. Bxf4 exf4 23. Rd2 Rad8 24. Nd6 Be6 25. Nf2 Rd7 26. Rfd1 b5 27. Bd3 Nd5
28. a3 Ne3 29. Rc1 Be5 30. Nfe4 Bd4 31. Kh1 Nf5 32. Rcd1 Be3 33. Rb2 Bd5 34. h3
Bd4 35. Rbb1 Ne3 36. Rd2 0-1

[Event "I Festival A"]
[Site "Letojanni ITA"]
[Date "2001.12.26"]
[Round "5"]
[White "Amato, Giampiero"]
[Black "Ortega, Lexy"]
[Result "0-1"]
[WhiteElo "1722"]
[BlackElo "2494"]
[PlyCount "82"]
[EventDate "2001.12.22"]

1. e4 c5 2. Nf3 e6 3. d4 cxd4 4. Nxd4 a6 5. Bd3 Bc5 6. Nb3 Ba7 7. O-O Nc6 8.
Qe2 d6 9. Be3 Bxe3 10. Qxe3 Nf6 11. N1d2 O-O 12. Kh1 e5 13. c4 a5 14. f3 a4 15.
Nc1 a3 16. b3 Qa5 17. Ne2 Rd8 18. Rfd1 Nb4 19. Nb1 b5 20. cxb5 d5 21. exd5
Nfxd5 22. Qg1 Nxd3 23. Rxd3 Bf5 24. Rd1 Bc2 25. Rc1 Rac8 26. b6 Nb4 27. Nbc3
Qa6 28. Qe3 f6 29. Na4 Rd3 30. Qg1 Qb5 31. Ng3 Rd4 32. Nf5 Bxf5 33. Rxc8+ Bxc8
34. Rc1 Ba6 35. Rc7 Qe2 36. Nc3 Qd3 37. Ne4 Qb5 38. b7 Bxb7 39. Qe1 Nd3 40.
Nxf6+ Kh8 41. Qe3 Nf4 0-1

[Event "I Festival A"]
[Site "Letojanni ITA"]
[Date "2001.12.26"]
[Round "5"]
[White "Bonaccorsi, Fabrizio"]
[Black "Hocevar, Nikola"]
[Result "1-0"]
[WhiteElo "2163"]
[BlackElo "2169"]
[PlyCount "27"]
[EventDate "2001.12.22"]

1. e4 c5 2. Nf3 Nc6 3. Bb5 g6 4. O-O Bg7 5. Re1 e5 6. c3 Nge7 7. a3 O-O 8. b4
d6 9. d3 h6 10. Be3 b6 11. d4 cxd4 12. cxd4 exd4 13. Nxd4 Bb7 14. Ra2 1-0

[Event "I Festival A"]
[Site "Letojanni ITA"]
[Date "2001.12.26"]
[Round "5"]
[White "Bondielli, Giorgio"]
[Black "Messina, Elia"]
[Result "1/2-1/2"]
[WhiteElo "2006"]
[BlackElo "1725"]
[PlyCount "74"]
[EventDate "2001.12.22"]

1. e4 e5 2. Nf3 Nf6 3. Nxe5 d6 4. Nf3 Nxe4 5. d4 d5 6. Bd3 Bd6 7. O-O O-O 8. c4
c6 9. Qc2 Na6 10. a3 Bg4 11. Bxe4 dxe4 12. Qxe4 Bxf3 13. Qxf3 Qh4 14. g3 Qxd4
15. Rd1 Qxc4 16. Nc3 Rad8 17. Be3 Bc5 18. Ne4 Bxe3 19. Qxe3 Qc2 20. Rxd8 Rxd8
21. Qg5 Rd1+ 22. Rxd1 Qxd1+ 23. Kg2 Qd5 24. Qxd5 cxd5 25. Nd6 Kf8 26. Nxb7 Ke7
27. Kf3 Kd7 28. Ke3 Kc7 29. Na5 Nc5 30. b4 Ne6 31. Nb3 g6 32. Nd4 a6 33. f4 Nf8
34. Nf3 f6 35. Nd4 Nd7 36. Ne6+ Kd6 37. Nd8 Kc7 1/2-1/2

[Event "I Festival A"]
[Site "Letojanni ITA"]
[Date "2001.12.26"]
[Round "5"]
[White "Bottino, Alexiei"]
[Black "Rabovszky, Gyorgy"]
[Result "1/2-1/2"]
[WhiteElo "2101"]
[BlackElo "2070"]
[PlyCount "112"]
[EventDate "2001.12.22"]

1. d4 Nf6 2. c4 e5 3. dxe5 Ne4 4. Nf3 Bb4+ 5. Nbd2 Nc6 6. a3 Nxd2 7. axb4 Nxc4
8. Bg5 f6 9. exf6 gxf6 10. Bh4 Qe7 11. Qb3 d5 12. b5 Qb4+ 13. Qxb4 Nxb4 14. Rc1
O-O 15. b3 Nd6 16. e3 c6 17. Nd4 Bd7 18. Bg3 Ne4 19. Bc7 Rfc8 20. Ba5 c5 21.
Rxc5 Rxc5 22. Bxb4 Rc1+ 23. Ke2 Rac8 24. Kf3 Bg4+ 25. Kxg4 Nxf2+ 26. Kf5 Nxh1
27. Be2 Nf2 28. Kxf6 Ne4+ 29. Ke6 Nc3 30. Bh5 Rf8 31. Nf5 Rxf5 32. Kxf5 Nxb5
33. Ke5 b6 34. Kxd5 a5 35. Be7 Rc7 36. Ke6 Rc6+ 37. Kd7 Rc3 38. e4 Re3 39. Bd8
Rxe4 40. Bxb6 Nd4 41. Bd1 Re1 42. Bg4 Nxb3 43. Be6+ Rxe6 44. Kxe6 a4 45. Bc7 a3
46. Be5 a2 47. g4 a1=Q 48. Bxa1 Nxa1 49. h4 Kg7 50. Kf5 Nc2 51. g5 Nd4+ 52. Kg4
Kg6 53. h5+ Kg7 54. Kf4 Ne2+ 55. Kf5 Ng3+ 56. Kg4 Ne4 1/2-1/2

[Event "I Festival A"]
[Site "Letojanni ITA"]
[Date "2001.12.26"]
[Round "5"]
[White "Cappadona, Salvatore"]
[Black "Martorelli, Antonio"]
[Result "1/2-1/2"]
[WhiteElo "1979"]
[BlackElo "2278"]
[PlyCount "76"]
[EventDate "2001.12.22"]

1. e4 c5 2. c3 Nf6 3. d3 Nc6 4. f4 g6 5. Nf3 Bg7 6. g3 d6 7. Qc2 O-O 8. Bg2 Bd7
9. O-O Qc8 10. Kh1 b5 11. Be3 a5 12. Nbd2 a4 13. Rac1 Bh3 14. d4 Bxg2+ 15. Kxg2
a3 16. b3 Ng4 17. Bg1 cxd4 18. Nxd4 Bxd4 19. cxd4 Nb4 20. Qb1 Qb7 21. h3 Nf6
22. d5 Rfc8 23. Nf3 Rxc1 24. Rxc1 Rc8 25. Rxc8+ Qxc8 26. Bd4 Kf8 27. Ne1 h5 28.
Nd3 Nc2 29. Qc1 Nxd5 30. exd5 Qf5 31. Qxc2 Qxd5+ 32. Kh2 Qxd4 33. b4 Qe4 34.
Qc8+ Kg7 35. Qc3+ f6 36. Qxa3 Qe2+ 37. Kg1 e5 38. Qb3 e4 1/2-1/2

[Event "I Festival A"]
[Site "Letojanni ITA"]
[Date "2001.12.26"]
[Round "5"]
[White "Gangemi, Salvatore"]
[Black "Scalcione, Michelangelo"]
[Result "0-1"]
[WhiteElo "2055"]
[BlackElo "2292"]
[PlyCount "92"]
[EventDate "2001.12.22"]

1. c4 c5 2. Nc3 g6 3. g3 Bg7 4. Bg2 Nc6 5. Nf3 e6 6. e4 Nge7 7. O-O O-O 8. d3
b6 9. Bf4 d6 10. Qd2 Bb7 11. Rad1 Ne5 12. b3 Nxf3+ 13. Bxf3 f5 14. Bg2 e5 15.
Bg5 f4 16. gxf4 exf4 17. Nd5 Bxd5 18. exd5 Be5 19. Bh3 Kg7 20. f3 Qe8 21. Rfe1
h6 22. Bh4 Nf5 23. Bxf5 Rxf5 24. Kh1 Rh5 25. Bf2 Qd7 26. d4 Qh3 27. Bg1 cxd4
28. Bxd4 Re8 29. Qg2 Qd7 30. Qg4 Qf7 31. Bg1 Rg5 32. Qh4 Qf5 33. Qf2 Qh3 34.
Re4 Rf8 35. Qe2 Rff5 36. Bd4 Bxd4 37. Rexd4 Re5 38. Qf2 Qf5 39. Re1 Qc2 40. Rd2
Qc3 41. Rde2 Rxe2 42. Rxe2 Re5 43. Rxe5 Qxe5 44. Kg2 g5 45. Kf1 h5 46. h3 Kf6
0-1

[Event "I Festival A"]
[Site "Letojanni ITA"]
[Date "2001.12.26"]
[Round "5"]
[White "Isonzo, David"]
[Black "Naumkin, Igor"]
[Result "1/2-1/2"]
[WhiteElo "2343"]
[BlackElo "2414"]
[PlyCount "22"]
[EventDate "2001.12.22"]

1. e4 e5 2. Nf3 Nc6 3. Bc4 Bc5 4. c3 Qe7 5. O-O Nf6 6. d4 Bb6 7. Re1 d6 8. h3
h6 9. a4 a6 10. Na3 O-O 11. Bd5 exd4 1/2-1/2

[Event "I Festival A"]
[Site "Letojanni ITA"]
[Date "2001.12.26"]
[Round "5"]
[White "Ragonese, Lucio Rosario"]
[Black "Pircher, Karl"]
[Result "1/2-1/2"]
[WhiteElo "2073"]
[BlackElo "2067"]
[PlyCount "30"]
[EventDate "2001.12.22"]

1. d4 d5 2. Nf3 Nf6 3. Bg5 c6 4. c3 Bf5 5. Qb3 Qb6 6. Nbd2 Nbd7 7. e3 h6 8. Bf4
e6 9. Be2 Be7 10. Ne5 Nxe5 11. Bxe5 O-O 12. O-O Nd7 13. Bg3 c5 14. f3 cxd4 15.
cxd4 Rfc8 1/2-1/2

[Event "I Festival A"]
[Site "Letojanni ITA"]
[Date "2001.12.26"]
[Round "5"]
[White "Rigo, Janos"]
[Black "Djuric, Stefan"]
[Result "0-1"]
[WhiteElo "2338"]
[BlackElo "2512"]
[PlyCount "64"]
[EventDate "2001.12.22"]

1. e4 c5 2. Nf3 e6 3. d4 cxd4 4. Nxd4 a6 5. Nc3 Qc7 6. Bd3 Nc6 7. Nxc6 bxc6 8.
O-O d5 9. exd5 cxd5 10. Re1 Bb7 11. Bg5 Bd6 12. Qh5 Kf8 13. h3 Be7 14. Bxe7+
Qxe7 15. Ne2 Nf6 16. Qh4 Nd7 17. Qg3 h5 18. Nd4 h4 19. Qh2 Nf6 20. Re3 Rd8 21.
Bf1 Ne4 22. Rb3 e5 23. Nf5 Qf6 24. g4 hxg3 25. fxg3 Qxf5 26. Rxb7 Ng5 27. Qe2
Nf3+ 28. Kg2 e4 29. h4 g5 30. Qxa6 gxh4 31. Qa3+ Kg7 32. Qc3+ d4 0-1

[Event "I Festival A"]
[Site "Letojanni ITA"]
[Date "2001.12.26"]
[Round "5"]
[White "Tondo, Salvatore"]
[Black "Antoniacci, Riccardo"]
[Result "1-0"]
[WhiteElo "1779"]
[BlackElo "1735"]
[PlyCount "114"]
[EventDate "2001.12.22"]

1. e4 c5 2. d4 cxd4 3. c3 d3 4. Bxd3 Nc6 5. c4 g6 6. Nc3 Bg7 7. Nge2 Nf6 8. O-O
O-O 9. Bf4 Qa5 10. Qd2 d6 11. Bh6 Bxh6 12. Qxh6 Ne5 13. Rad1 Be6 14. b3 Neg4
15. Qd2 Qe5 16. Qf4 Qa5 17. h3 Nh5 18. Qd2 Ne5 19. Nd5 Qd8 20. Bb1 f6 21. f4
Nf7 22. Nd4 Bd7 23. Nf3 e6 24. Nc3 Qb6+ 25. Kh2 Bc6 26. g4 Ng7 27. Qd4 Qa5 28.
Rd3 e5 29. Qf2 exf4 30. Nd5 Ne6 31. Nxf6+ Kg7 32. Qb2 Ne5 33. Nd5 Rae8 34. Nxe5
dxe5 35. Qxe5+ Kh6 36. Qb2 Ng5 37. h4 Nxe4 38. g5+ Kh5 39. Qe2+ f3 40. Rdxf3
Nc3 41. Qd3 Re2+ 42. Kg3 Ne4+ 43. Kh3 Bd7+ 44. Rf5 Rxf5 45. Qxe2+ Rf3+ 46. Kh2
Qd2 47. Qxd2 Nxd2 48. Rxf3 Nxf3+ 49. Kg3 Nxh4 50. Nf6+ Kxg5 51. Nxd7 Nf5+ 52.
Bxf5 Kxf5 53. c5 g5 54. b4 Ke6 55. Nf8+ Kd5 56. Nxh7 Kc4 57. a3 Kb3 1-0

[Event "I Festival A"]
[Site "Letojanni ITA"]
[Date "2001.12.27"]
[Round "6"]
[White "Antoniacci, Riccardo"]
[Black "Messina, Elia"]
[Result "0-1"]
[WhiteElo "1735"]
[BlackElo "1725"]
[PlyCount "46"]
[EventDate "2001.12.22"]

1. e4 e5 2. Bc4 Nf6 3. d4 exd4 4. Nf3 d6 5. e5 dxe5 6. Nxe5 Be6 7. Qe2 Bxc4 8.
Qxc4 Qd5 9. Qxc7 Na6 10. Qxf7+ Qxf7 11. Nxf7 Kxf7 12. O-O Bd6 13. Rd1 Rad8 14.
Bg5 Rhe8 15. Nd2 Nb4 16. Nf3 Bc5 17. a3 Nxc2 18. Rac1 d3 19. Bf4 Ng4 20. Bg3
Re2 21. Rd2 Rxd2 22. Nxd2 Re8 23. h3 Nxf2 0-1

[Event "I Festival A"]
[Site "Letojanni ITA"]
[Date "2001.12.27"]
[Round "6"]
[White "Cappadona, Salvatore"]
[Black "Rigo, Janos"]
[Result "0-1"]
[WhiteElo "1979"]
[BlackElo "2338"]
[PlyCount "96"]
[EventDate "2001.12.22"]

1. e4 c5 2. c3 Nf6 3. d3 e5 4. Nf3 Nc6 5. Be2 d5 6. Nbd2 Be7 7. O-O O-O 8. Qc2
Qc7 9. a3 b6 10. d4 exd4 11. cxd4 cxd4 12. Nxd4 Bc5 13. Nxc6 Qxc6 14. Bd3 Bb7
15. e5 Ne4 16. Nf3 a5 17. Rb1 a4 18. Be3 Bxe3 19. fxe3 Qh6 20. Qe2 Nc5 21. Bb5
Qh5 22. Rbd1 Ne6 23. Qf2 Ra5 24. Bd3 Nc5 25. Rfe1 Re8 26. Qg3 h6 27. e6 Nxe6
28. Qd6 d4 29. Qd7 Rb8 30. Qd6 Rd8 31. Qxb6 Bxf3 32. exd4 Qg5 33. Rd2 Rad5 34.
Rf2 Nf4 35. Qc6 Nxd3 36. Re8+ Kh7 37. Rxf3 Qc1+ 38. Qxc1 Nxc1 39. Re1 Nb3 40.
Rxf7 Rxd4 41. Ree7 Rg4 42. h3 Rg5 43. h4 Rg4 44. h5 Rd5 45. Rb7 Rxh5 46. Rb4
Rxb4 47. axb4 Rb5 48. Rf4 g5 0-1

[Event "I Festival A"]
[Site "Letojanni ITA"]
[Date "2001.12.27"]
[Round "6"]
[White "Djuric, Stefan"]
[Black "Ortega, Lexy"]
[Result "1/2-1/2"]
[WhiteElo "2512"]
[BlackElo "2494"]
[PlyCount "22"]
[EventDate "2001.12.22"]

1. Nf3 d5 2. d4 c6 3. c4 Nf6 4. cxd5 cxd5 5. Nc3 Nc6 6. Bf4 Bf5 7. e3 e6 8. Bd3
Bxd3 9. Qxd3 Bd6 10. Bxd6 Qxd6 11. O-O O-O 1/2-1/2

[Event "I Festival A"]
[Site "Letojanni ITA"]
[Date "2001.12.27"]
[Round "6"]
[White "Gangemi, Salvatore"]
[Black "Ragonese, Lucio Rosario"]
[Result "0-1"]
[WhiteElo "2055"]
[BlackElo "2073"]
[PlyCount "98"]
[EventDate "2001.12.22"]

1. c4 g6 2. g3 Bg7 3. Bg2 c6 4. Nc3 Nf6 5. e4 e5 6. Nge2 O-O 7. O-O d6 8. d3
Be6 9. h3 Qd7 10. Kh2 d5 11. cxd5 cxd5 12. d4 Nxe4 13. Nxe4 dxe4 14. dxe5 Bxe5
15. Qxd7 Nxd7 16. Bxe4 Nc5 17. Bg2 Rac8 18. Nc3 b6 19. Rd1 Rfd8 20. Bg5 f6 21.
Be3 Nd3 22. f4 Bxc3 23. bxc3 Rxc3 24. Rd2 Rd7 25. Rad1 Nc5 26. Bd4 Rc4 27. Bxf6
Rxd2 28. Rxd2 Ra4 29. Kg1 Rxa2 30. Rd8+ Kf7 31. Be5 a5 32. Rb8 Nd7 33. Rh8 Nxe5
34. fxe5 h5 35. g4 hxg4 36. hxg4 Ra1+ 37. Kf2 Bxg4 38. Bd5+ Be6 39. Bc6 Rc1 40.
Be8+ Kg7 41. Rh4 Rc5 42. Re4 b5 43. Re3 a4 44. Kg3 g5 45. Kf3 Kf8 46. Bg6 b4
47. Ke4 a3 48. Kd4 Rc4+ 49. Kd3 Rc3+ 0-1

[Event "I Festival A"]
[Site "Letojanni ITA"]
[Date "2001.12.27"]
[Round "6"]
[White "Hocevar, Nikola"]
[Black "Bondielli, Giorgio"]
[Result "1/2-1/2"]
[WhiteElo "2169"]
[BlackElo "2006"]
[PlyCount "128"]
[EventDate "2001.12.22"]

1. c4 e5 2. Nc3 f5 3. d4 exd4 4. Qxd4 Nc6 5. Qe3+ Qe7 6. Nd5 Qxe3 7. Bxe3 Bd6
8. Nf3 Nb4 9. Nxb4 Bxb4+ 10. Nd2 Nf6 11. a3 Be7 12. g3 O-O 13. Bg2 c6 14. O-O
d5 15. Rfd1 Be6 16. cxd5 Bxd5 17. Bxd5+ Nxd5 18. Bd4 Bf6 19. Nc4 Bxd4 20. Rxd4
Rad8 21. Rad1 Rd7 22. R1d3 Rfd8 23. b4 a6 24. f3 Kf8 25. e4 fxe4 26. fxe4 Nf6
27. Rxd7 Rxd7 28. Rxd7 Nxd7 29. Na5 Nf6 30. e5 Ng4 31. Nxb7 Nxe5 32. Nc5 Nc4
33. Nxa6 Nxa3 34. Nb8 Ke7 35. Nxc6+ Kd6 36. Nd4 Kd5 37. Nf3 Kc4 38. Ng5 h6 39.
Ne6 g6 40. Nf8 g5 41. Kf2 Kxb4 42. Nd7 Kc4 43. Ne5+ Kd5 44. Nf7 Ke6 45. Nxh6
Kf6 46. Kf3 Nc2 47. Ng4+ Kg6 48. Ne3 Nb4 49. Kg4 Nd3 50. Nc4 Nf2+ 51. Kf3 Nd3
52. Ke3 Nc5 53. Kd4 Nb3+ 54. Ke5 Nc5 55. g4 Nd3+ 56. Ke6 Nf4+ 57. Ke7 Nd3 58.
Ke6 Nc5+ 59. Kd5 Nb3 60. Ne5+ Kf6 61. Nf3 Nc1 62. Nd2 Nd3 63. Ne4+ Kg6 64. Nc5
Nf2 1/2-1/2

[Event "I Festival A"]
[Site "Letojanni ITA"]
[Date "2001.12.27"]
[Round "6"]
[White "Martorelli, Antonio"]
[Black "Isonzo, David"]
[Result "0-1"]
[WhiteElo "2278"]
[BlackElo "2343"]
[PlyCount "77"]
[EventDate "2001.12.22"]

1. e4 c5 2. Nf3 Nc6 3. Bb5 g6 4. O-O Bg7 5. c3 Nf6 6. d4 cxd4 7. cxd4 Nxe4 8.
d5 Nd6 9. Ba4 b5 10. Bc2 Nb4 11. Bb3 a5 12. a3 Na6 13. Re1 O-O 14. Bg5 Re8 15.
Qe2 Nc5 16. Qc2 Nxb3 17. Qxb3 Ba6 18. Nbd2 Rc8 19. Ne4 Qb6 20. Nxd6 Qxd6 21.
Rad1 h6 22. Bd2 a4 23. Qe3 Qxd5 24. Bc3 Qc6 25. Bxg7 Kxg7 26. Ne5 Qc5 27. Qf3
f6 28. Nxd7 Qc6 29. Qg4 Bb7 30. Rd3 h5 31. Qh3 Rc7 32. Rg3 Rxd7 33. Qf5 g5 34.
h4 Qd5 35. Qb1 g4 36. Kh2 f5 37. Qc1 Qd2 38. Qb1 Be4 39. Qa1 0-1

[Event "I Festival A"]
[Site "Letojanni ITA"]
[Date "2001.12.27"]
[Round "6"]
[White "Naumkin, Igor"]
[Black "Bonaccorsi, Fabrizio"]
[Result "1/2-1/2"]
[WhiteElo "2414"]
[BlackElo "2163"]
[PlyCount "53"]
[EventDate "2001.12.22"]

1. d4 d5 2. c4 c6 3. Nc3 e6 4. e3 Nf6 5. Nf3 Nbd7 6. Qc2 Bd6 7. Bd3 dxc4 8.
Bxc4 b5 9. Be2 Bb7 10. O-O O-O 11. Rd1 Qc7 12. Bd2 a6 13. b4 Rfe8 14. h3 h6 15.
Rac1 Rac8 16. a3 Qb8 17. Nh4 e5 18. Nf5 Bf8 19. Bd3 Nb6 20. dxe5 Qxe5 21. f4
Qe6 22. Nd4 Qe7 23. Nf5 Qe6 24. Nd4 Qe7 25. Nf5 Qe6 26. Nd4 Qe7 27. Nf5 1/2-1/2

[Event "I Festival A"]
[Site "Letojanni ITA"]
[Date "2001.12.27"]
[Round "6"]
[White "Pircher, Karl"]
[Black "Tondo, Salvatore"]
[Result "1-0"]
[WhiteElo "2067"]
[BlackElo "1779"]
[PlyCount "51"]
[EventDate "2001.12.22"]

1. d4 d5 2. c4 e6 3. Nc3 Nf6 4. Bg5 Be7 5. e3 Nbd7 6. Nf3 h6 7. Bh4 O-O 8. Rc1
c6 9. Bd3 dxc4 10. Bxc4 Re8 11. O-O Nd5 12. Bg3 N7f6 13. Bd3 Nh5 14. Be5 Nhf6
15. h3 Bd6 16. Bb1 g6 17. Ne2 Bxe5 18. Nxe5 Nd7 19. Nf3 Qf6 20. Ng3 e5 21. Ne4
Qe7 22. dxe5 Nxe5 23. Nd4 Kg7 24. Qc2 Be6 25. f4 f5 26. Ng3 1-0

[Event "I Festival A"]
[Site "Letojanni ITA"]
[Date "2001.12.27"]
[Round "6"]
[White "Rabovszky, Gyorgy"]
[Black "Amato, Giampiero"]
[Result "0-1"]
[WhiteElo "2070"]
[BlackElo "1722"]
[PlyCount "76"]
[EventDate "2001.12.22"]

1. e4 c5 2. Nf3 d6 3. d4 cxd4 4. Nxd4 Nf6 5. Nc3 g6 6. Be3 Bg7 7. f3 O-O 8. Qd2
Nc6 9. Bc4 Bd7 10. O-O-O Ne5 11. Bb3 Rc8 12. h4 h5 13. Kb1 Nc4 14. Bxc4 Rxc4
15. g4 hxg4 16. Rdg1 Rxc3 17. bxc3 Qa5 18. Nb3 Qa3 19. e5 dxe5 20. Bc5 Qa4 21.
Bxe7 Rc8 22. Bxf6 Bxf6 23. fxg4 Be6 24. g5 Bg7 25. h5 e4 26. hxg6 Bxc3 27.
gxf7+ Bxf7 28. Qh2 Qa3 29. Qh7+ Kf8 30. Qh8+ Ke7 31. Qxc3 Rxc3 32. Rh7 Kf8 33.
g6 Bg8 34. Rxb7 Qd6 35. Re1 Qxg6 36. Rd1 Rc8 37. Rf1+ Ke8 38. Nd4 Qa6 0-1

[Event "I Festival A"]
[Site "Letojanni ITA"]
[Date "2001.12.27"]
[Round "6"]
[White "Scalcione, Michelangelo"]
[Black "Bottino, Alexiei"]
[Result "1-0"]
[WhiteElo "2292"]
[BlackElo "2101"]
[PlyCount "44"]
[EventDate "2001.12.22"]

1. Nf3 Nf6 2. c4 g6 3. Nc3 d5 4. Qa4+ Bd7 5. Qb3 dxc4 6. Qxc4 Nc6 7. e4 e5 8.
d4 exd4 9. Nxd4 Ne5 10. Qe2 Bg7 11. Bg5 h6 12. Bh4 O-O 13. O-O-O Qc8 14. Kb1 a6
15. f3 c5 16. Nc2 b5 17. Ne3 Qb7 18. g4 Nc6 19. Rg1 Nd4 20. Qg2 Be6 21. Nf5 b4
22. Na4 Qc6 1-0

[Event "I Festival A"]
[Site "Letojanni ITA"]
[Date "2001.12.28"]
[Round "7"]
[White "Bonaccorsi, Fabrizio"]
[Black "Scalcione, Michelangelo"]
[Result "0-1"]
[WhiteElo "2163"]
[BlackElo "2292"]
[PlyCount "92"]
[EventDate "2001.12.22"]

1. e4 e5 2. Nc3 Bc5 3. f4 d6 4. Nf3 Nc6 5. Bc4 Bg4 6. Bb5 Nge7 7. Na4 O-O 8.
Nxc5 dxc5 9. Be2 exf4 10. O-O Ng6 11. d3 f5 12. c3 fxe4 13. Qb3+ Kh8 14. dxe4
b6 15. Qd5 Qxd5 16. exd5 Nce7 17. c4 Rae8 18. Bd3 Bf5 19. Ne1 Nc8 20. Bxf5 Rxf5
21. Nd3 Ref8 22. Bd2 Nd6 23. Rac1 Ne4 24. Bc3 f3 25. Rxf3 Rxf3 26. gxf3 Rxf3
27. Ne5 Nxc3 28. Nxg6+ hxg6 29. Rxc3 Rxc3 30. bxc3 Kg8 31. Kf2 Kf7 32. Kf3 Kf6
33. Kf4 g5+ 34. Ke4 a6 35. a3 b5 36. cxb5 axb5 37. c4 bxc4 38. a4 c3 39. Kd3
Ke5 40. a5 Kxd5 41. Kxc3 Kc6 42. Kc4 g4 43. a6 Kb6 44. a7 Kxa7 45. Kxc5 Kb7 46.
Kb5 c6+ 0-1

[Event "I Festival A"]
[Site "Letojanni ITA"]
[Date "2001.12.28"]
[Round "7"]
[White "Bondielli, Giorgio"]
[Black "Antoniacci, Riccardo"]
[Result "1/2-1/2"]
[WhiteElo "2006"]
[BlackElo "1735"]
[PlyCount "33"]
[EventDate "2001.12.22"]

1. e4 c5 2. d4 cxd4 3. c3 dxc3 4. Nxc3 Nc6 5. Nf3 d6 6. Bc4 e6 7. O-O Nf6 8.
Qe2 Be7 9. Rd1 e5 10. h3 O-O 11. Bg5 Be6 12. Bxf6 Bxf6 13. Bd5 Qe7 14. Qd2 Rfd8
15. Nb5 Rd7 16. Rac1 a6 17. Nc3 1/2-1/2